000
00260nam a2200121 a 4500
005
20140414093829.0
008
970101s19uu xx 00 eng d
050
_a
VHS 800
_b
R 37
245
_a
Macbeth.
440
_a
Tape 1
942
_c
AVM
999
_c
108601
_d
108601